Healthy eating / (Record no. 8244)
[ view plain ]
| 000 -LEADER | |
|---|---|
| fixed length control field | 00945nam a22003137a 4500 |
| 001 - CONTROL NUMBER | |
| control field | 8244 |
| 003 - CONTROL NUMBER IDENTIFIER | |
| control field | FISKH |
| 005 - DATE AND TIME OF LATEST TRANSACTION | |
| control field | 20250904151249.0 |
| 008 - FIXED-LENGTH DATA ELEMENTS--GENERAL INFORMATION | |
| fixed length control field | 250904b cb ||||| |||| 00| 0 eng d |
| 020 ## - INTERNATIONAL STANDARD BOOK NUMBER | |
| International Standard Book Number | 9780439024464 |
| 040 ## - CATALOGING SOURCE | |
| Original cataloging agency | FISKH |
| Language of cataloging | eng |
| Transcribing agency | FISKH |
| Modifying agency | FISKH |
| 050 ## - LIBRARY OF CONGRESS CALL NUMBER | |
| Classification number | RA784 .B383 |
| 082 ## - DEWEY DECIMAL CLASSIFICATION NUMBER | |
| Classification number | 613.2 |
| 100 ## - MAIN ENTRY--PERSONAL NAME | |
| Personal name | Berger, Melvin |
| 245 ## - TITLE STATEMENT | |
| Title | Healthy eating / |
| Statement of responsibility, etc. | by Melvin and Gilda Berger |
| 250 ## - EDITION STATEMENT | |
| Edition statement | First printing, September 2007 |
| 260 ## - PUBLICATION, DISTRIBUTION, ETC. | |
| Place of publication, distribution, etc. | New York : |
| Name of publisher, distributor, etc. | Scholastic , |
| Date of publication, distribution, etc. | 2007. |
| 300 ## - PHYSICAL DESCRIPTION | |
| Extent | 32 pages : |
| Other physical details | color illustrations ; |
| Dimensions | 18 x 21 cm . |
| 490 ## - SERIES STATEMENT | |
| Series statement | Now I Know |
| 505 ## - FORMATTED CONTENTS NOTE | |
| Formatted contents note | H <br/> |
| 520 ## - SUMMARY, ETC. | |
| Summary, etc. | Colorful photgraphs and simple sentences briefly describe good nutrition.<br/> |
| 521 8# - TARGET AUDIENCE NOTE | |
| Target audience note | 450 <br/> |
| Source | Lexile estimate <br/> |
| 521 8# - TARGET AUDIENCE NOTE | |
| Target audience note | H <br/> |
| Source | Raz-Plus <br/> |
| 650 ## - SUBJECT ADDED ENTRY--TOPICAL TERM | |
| Topical term or geographic name entry element | Nutrition |
| Form subdivision | Non-fiction |
| 650 ## - SUBJECT ADDED ENTRY--TOPICAL TERM | |
| Topical term or geographic name entry element | Healthy choice |
| Form subdivision | Non-fiction |
| 700 ## - ADDED ENTRY--PERSONAL NAME | |
| Personal name | Sabato, Nancy |
| Relator term | Book designer |
| 942 ## - ADDED ENTRY ELEMENTS (KOHA) | |
| Source of classification or shelving scheme | Dewey Decimal Classification |
| Koha item type | Books |
| Suppress in OPAC | No |
| Withdrawn status | Lost status | Source of classification or shelving scheme | Damaged status | Not for loan | Collection | Home library | Current library | Shelving location | Date acquired | Total Checkouts | Full call number | Barcode | Date due | Date last seen | Date last checked out | Price effective from | Koha item type |
|---|---|---|---|---|---|---|---|---|---|---|---|---|---|---|---|---|---|
| Dewey Decimal Classification | Non-Fiction | Footprints International School Library Network Toul Tom Poung Campus | Footprints International School Library Network Toul Tom Poung Campus | TTP Primary Dark Blue Bookshelves | 09/04/2025 | 1 | BER 613.2 RA784 .B383 | FISTK02379 | 01/28/2026 | 01/14/2026 | 01/14/2026 | 09/04/2025 | Books |
